Diane Keaton Filmography - Statistics

General Stats
  • This quiz has been taken 204 times
    30 since last reset
  • The average score is 30 of 127
Answer Stats
Type Year Name % Correct
Film 1977 Annie Hall
86%
Film 1972 The Godfather
86%
Film 2003 Something's Gotta Give
77%
Film 1974 The Godfather Part II
77%
Film 1990 The Godfather Part III
77%
Film 1991 Father of the Bride
73%
Film 1995 Father of the Bride Part II
73%
Film 1987 Baby Boom
64%
Film 2018 Book Club
64%
Film 1979 Manhattan
64%
Film 1981 Reds
64%
Film 1996 The First Wives Club
64%
Film 2023 Book Club 2: The Next Chapter
55%
Film 1996 Marvin's Room
55%
Film 2007 Because I Said So
50%
Film 1977 Looking for Mr. Goodbar
50%
Film 2008 Mad Money
50%
Theater 1969-1970 Play It Again, Sam
50%
Film 1972 Play It Again, Sam
50%
Film 1973 Sleeper
50%
Film 2016 Finding Dory
45%
Film 2014 And So It Goes
41%
Film 2015 Love the Coopers
41%
Film 2010 Morning Glory
41%
Film 2024 Summer Camp
41%
Film 2012 Darling Companion
36%
Film 2022 Mack & Rita
36%
Film 2023 Maybe I Do
36%
Film 1987 Radio Days
36%
Film 2013 The Big Wedding
36%
Film 2005 The Family Stone
36%
Theater 1968-1972 Hair: The American Tribal Love-Rock Musical
32%
Film 1978 Interiors
32%
Film 1975 Love and Death
32%
Film 2019 Poms
32%
Film 2014 5 Flights Up
27%
Film 2017 Hampstead
27%
Film 2000 Hanging Up
27%
Director 1987 Heaven
27%
Film 1993 Look Who's Talking Now
27%
Film 1993 Manhattan Murder Mystery
27%
Film 1984 Mrs. Soffel
27%
Film 1984 The Little Drummer Girl
27%
Director 1987 Heaven Is a Place on Earth
23%
TV Film 2003 On Thin Ice
23%
Film 2008 Smother
23%
Film 1999 The Other Sister
23%
TV Mini-Series 2016 The Young Pope
23%
Film 2001 Town & Country
23%
TV Special 2017 AFI Life Achievement Award: A Tribute to Diane Keaton
18%
TV Show 1970 Love, American Style
18%
Film 1970 Lovers and Other Strangers
18%
TV Show 1970 Night Gallery
18%
Film 1982 Shoot the Moon
18%
TV Mini-Series 1977 The Godfather Saga
18%
Film 1989 The Lemon Sisters
18%
TV Special 2007 AFI Life Achievement Award: A Tribute to Al Pacino
14%
TV Special 1994 AFI Life Achievement Award: A Tribute to Jack Nicholson
14%
TV Special 2008 AFI Life Achievement Award: A Tribute to Warren Beatty
14%
TV Film 1994 Amelia Earhart: The Final Flight
14%
Film 2024 Arthur's Whisky
14%
Film 1986 Crimes of the Heart
14%
TV Film 2002 Crossed Over
14%
TV Show 2000 Curb Your Enthusiasm
14%
Short Film 2020 Father of the Bride, Part 3(ish)
14%
Music Video 2021 Ghost
14%
Web Series 2019-2022 Green Eggs and Ham
14%
Film 1976 Harry and Walter Go to New York
14%
Film 1976 I Will, I Will... for Now
14%
Commercial 2012-2017 L'Oréal
14%
Film 2020 Love, Weddings & Other Disasters
14%
Film 2007 Mama's Boy
14%
TV Show 1971 Mannix
14%
TV Short 1971 Men of Crisis: The Harvey Wallinger Story
14%
TV Film 1997 Northern Lights
14%
TV Film 1992 Running Mates
14%
TV Film 2001 Sister Mary Explains It All
14%
TV Film 2006 Surrender, Dorothy
14%
TV Show 1971 The F.B.I.
14%
Film 1988 The Good Mother
14%
Film 1997 The Only Thrill
14%
Theater 1976 The Primary English Class
14%
Documentary 1981 The Wizard of Malta
14%
TV Pilot 2011 Tilda
14%
Director 1991 Twin Peaks
14%
Director 1995 Unstrung Heroes
14%
Director 1991 Wildflower
14%
TV Special 2018 AFI Life Achievement Award: A Tribute to George Clooney
9%
TV Special 2013 AFI Life Achievement Award: A Tribute to Mel Brooks
9%
TV Special 2004 AFI Life Achievement Award: A Tribute to Meryl Streep
9%
TV Special 2003 AFI Life Achievement Award: A Tribute to Robert De Niro
9%
TV Special 2015 AFI Life Achievement Award: A Tribute to Steve Martin
9%
Director 1988 I Get Weak
9%
Film 2001 Plan B
9%
Film 2005 Terminal Impact
9%
TV Special 2007 The Film Society of Lincoln Center Annual Gala Tribute to Diane Keaton
9%
Documentary Series 2004 48 Hours
5%
Commercial 1968 AMC Rebel
5%
Documentary Series 2011 American Masters
5%
Documentary Series 1977 Arena
5%
Film TBA Artist in Residence
5%
Documentary Series 2003, 2008 Biography
5%
Documentary Mini-Series 1998 Bravo Profiles: The Entertainment Business
5%
Theater 1964 Carousel
5%
TV Show 1990 CBS Schoolbreak Special
5%
Director 1990 China Beach
5%
Film TBA Constance
5%
TV Special 2002 Gala Paramount Pictures Celebrates 90th Anniversary with 90 Stars for 90 Years
5%
TV Special 1978 Hollywood's Diamond Jubilee
5%
TV Special 2010 Hope for Haiti Now: A Global Benefit for Hurricane Relief
5%
Commercial 1970 Hour After Hour Deodorant
5%
Documentary 2013 I Am Divine
5%
Documentary Series 2001 Intimate Portrait
5%
Documentary 2007 Maynard Dixon: Art and Spirit
5%
TV Special 1982 Night of 100 Stars
5%
Director 2001 Pasadena
5%
TV Special 2008 Stand Up to Cancer
5%
Documentary Mini-Series 2024 Steve! (Martin): A Documentary in 2 Pieces
5%
TV Documentary 1990 The Godfather Family: A Look Inside
5%
TV Special 2003, 2006, 2008, 2009, 2010, 2011, 2013 The Kennedy Center Honors: A Celebration of the Performing Arts
5%
TV Special 2005 The Mark Twain Prize: Steve Martin
5%
TV Show 1969-1970 The Merv Griffin Show
5%
TV Show 1974, 1975, 1976 The Mike Douglas Show
5%
Theater 1964 The Sound of Music
5%
TV Show 1971-1975 The Tonight Show Starring Johnny Carson
5%
TV Show 2014 Wanna Bet?
5%
Film TBA The Making Of
0%
No matching quizzes found
Score Distribution
Percent of People with Each Score
Percentile by Number Answered
Your Score History
You have not taken this quiz since the last reset